[Event "GBR-ch 111th"]
[Site "Liverpool"]
[Date "2025.08.08"]
[Round "7.24"]
[White "Khoury, Theo"]
[Black "Dicen, Elis Denele"]
[Result "1-0"]
[WhiteElo "2239"]
[BlackElo "2069"]
[PlyCount "161"]
[EventDate "2025.08.02"]
[EventType "swiss"]
[EventRounds "9"]
[EventCountry "GBR"]
[SourceTitle "BritBase"]
[Source "John Saunders"]
[SourceDate "2025.08.11"]
[SourceVersion "1"]
[SourceVersionDate "2025.08.11"]
[SourceQuality "1"]

1. e4 c5 2. Nf3 Nc6 3. d4 cxd4 4. Nxd4 g6 5. c4 Nf6 6. Nc3 d6 7. f3 Nxd4 8. Qxd4 Bg7 9. Be3 O-O 10. Qd2 a5 11. Na4 Nd7 12. Rd1 Qc7 13. Be2 Nc5 14. Nc3 Be6 15. O-O a4 16. Kh1 Rfc8 17. Bh6 Bh8 18. f4 Bxc3 19. Qxc3 f6 20. Bf3 Nd7 21. b3 Ra6 22. Qe1 axb3 23. axb3 Ra3 24. Rb1 Qc5 25. Qd1 Rb8 26. Bg4 Bxg4 27. Qxg4 Nf8 28. f5 Kf7 29. Bxf8 Rxf8 30. Qh3 Kg7 31. fxg6 hxg6 32. Qd7 Qe5 33. h3 Rb8 34. Qc7 Raa8 35. Rbd1 Kf7 36. Rd5 Qe6 37. e5 dxe5 38. Rxe5 Qd6 39. Qxd6 exd6 40. Rb5 Ke7 41. Rf3 Ra7 42. Rg3 Kf7 43. Rd3 Ra6 44. Kh2 Rc6 45. h4 b6 46. Kg3 Ke6 47. Re3+ Kf7 48. Rd5 Rd8 49. h5 gxh5 50. Rxh5 Rg8+ 51. Kf3 Rc5 52. Rh7+ Rg7 53. Rxg7+ Kxg7 54. Re7+ Kg6 55. Rb7 d5 56. cxd5 Rxd5 57. Rxb6 Kf5 58. Ke3 Ke5 59. b4 f5 60. Rb8 f4+ 61. Ke2 Ke4 62. b5 Rg5 63. Kf2 Kd5 64. Rc8 Rg6 65. Rc1 Rb6 66. Rb1 Ke4 67. Rb4+ Kf5 68. Kf3 Kg5 69. Ke4 Kg4 70. Kd5 Kg3 71. Kc5 Rb8 72. b6 Rf8 73. Rb2 Rf5+ 74. Kc6 Rf6+ 75. Kb5 Rf5+ 76. Ka6 Rf7 77. b7 Rf8 78. Ka7 Rf7 79. Ka8 Rf8+ 80. b8=Q Rxb8+ 81. Kxb8 1-0

[Event "GBR-ch 111th"]
[Site "Liverpool"]
[Date "2025.08.08"]
[Round "7.25"]
[White "Sivanandan, Bodhana"]
[Black "Ashworth, Michael J"]
[Result "1-0"]
[WhiteElo "2216"]
[BlackElo "2053"]
[PlyCount "113"]
[EventDate "2025.08.02"]
[EventType "swiss"]
[EventRounds "9"]
[EventCountry "GBR"]
[SourceTitle "BritBase"]
[Source "John Saunders"]
[SourceDate "2025.08.11"]
[SourceVersion "1"]
[SourceVersionDate "2025.08.11"]
[SourceQuality "1"]

1. e4 c5 2. Nf3 g6 3. c3 d5 4. e5 d4 5. cxd4 cxd4 6. Bb5+ Bd7 7. Bxd7+ Qxd7 8. d3 Nc6 9. O-O Bg7 10. Re1 Nh6 11. Bf4 Qf5 12. Bg3 O-O 13. Na3 Rfd8 14. h3 Rd5 15. Qb3 Qd7 16. Rac1 Rd8 17. Re4 Nf5 18. Bf4 Bh8 19. Re2 Ng7 20. Bg3 Ne6 21. Nb1 Bg7 22. Nbd2 Bh6 23. Rc2 Nc5 24. Qa3 Nxd3 25. Rxc6 Qxc6 26. Qxd3 Qb5 27. Nc4 Rc5 28. b3 Rcd5 29. h4 a5 30. h5 Qa6 31. e6 Rxh5 32. exf7+ Kxf7 33. Bh4 Bf8 34. Ng5+ Kg8 35. Re6 Rd6 36. Qf3 Rxg5 37. Rxd6 exd6 38. Bxg5 Qb5 39. Bf6 d5 40. Ne5 Qc5 41. Bg5 Bg7 42. Qf7+ Kh8 43. Nd7 Qc8 44. Nf6 Qf8 45. Qxf8+ Bxf8 46. Nxd5 Kg8 47. Bd2 a4 48. bxa4 Kf7 49. Kf1 Ke6 50. Nf4+ Ke5 51. Ke2 g5 52. Nd3+ Kf5 53. Bb4 Bg7 54. a5 h5 55. Nc5 Bf8 56. Nxb7 Bxb4 57. a6 1-0

[Event "GBR-ch 111th"]
[Site "Liverpool"]
[Date "2025.08.08"]
[Round "7.26"]
[White "Badacsonyi, Frankie"]
[Black "Chan, Sheng Liang Bernard"]
[Result "1-0"]
[WhiteElo "2193"]
[BlackElo "2098"]
[PlyCount "129"]
[EventDate "2025.08.02"]
[EventType "swiss"]
[EventRounds "9"]
[EventCountry "GBR"]
[SourceTitle "BritBase"]
[Source "John Saunders"]
[SourceDate "2025.08.11"]
[SourceVersion "1"]
[SourceVersionDate "2025.08.11"]
[SourceQuality "1"]

1. Nf3 d5 2. c4 c6 3. d4 Nf6 4. e3 e6 5. Nbd2 Bd6 6. b3 O-O 7. Bd3 Nbd7 8. Bb2 b6 9. e4 dxe4 10. Nxe4 Nxe4 11. Bxe4 Bb4+ 12. Kf1 Bb7 13. Bc2 Re8 14. Qd3 f5 15. a3 Bd6 16. Re1 Nf6 17. h4 Qd7 18. Rh3 c5 19. dxc5 Bxc5 20. Qxd7 Nxd7 21. Ng5 Nf8 22. b4 Bd6 23. Rhe3 Bf4 24. R3e2 Bxg5 25. hxg5 Rac8 26. Bxf5 Rxc4 27. f3 Bd5 28. Kf2 Rd8 29. Bb1 Rc7 30. Rd2 Rdc8 31. Rh1 Rc4 32. Bd3 R4c6 33. Kg3 R6c7 34. Re1 Ng6 35. Bd4 Rd8 36. Bb1 Rcd7 37. Bb2 Ne7 38. Rh1 Nf5+ 39. Kf2 Bb3 40. Rxd7 Rxd7 41. Bc3 g6 42. Rc1 Nd6 43. Be1 Bc4 44. a4 a6 45. Rc3 Ra7 46. Bd2 b5 47. Be3 Rb7 48. axb5 axb5 49. Ra3 Kf7 50. Bc5 Nf5 51. g4 Ne7 52. Ra8 Nc6 53. Be4 Bd5 54. Bxd5 exd5 55. f4 Nb8 56. f5 gxf5 57. gxf5 Nd7 58. Bd4 Rc7 59. Ke3 Rc1 60. Rd8 Ke7 61. Rh8 Re1+ 62. Kd2 Rf1 63. Rxh7+ Kd6 64. Rh6+ Ke7 65. Re6+ 1-0

[Event "GBR-ch 111th"]
[Site "Liverpool"]
[Date "2025.08.08"]
[Round "7.27"]
[White "Murawski, Jan"]
[Black "Malinovskii, Ilia"]
[Result "1/2-1/2"]
[WhiteElo "2189"]
[BlackElo "2075"]
[PlyCount "80"]
[EventDate "2025.08.02"]
[EventType "swiss"]
[EventRounds "9"]
[EventCountry "GBR"]
[SourceTitle "BritBase"]
[Source "John Saunders"]
[SourceDate "2025.08.11"]
[SourceVersion "1"]
[SourceVersionDate "2025.08.11"]
[SourceQuality "1"]

1. d4 d5 2. c4 e6 3. Nf3 Nf6 4. g3 Be7 5. Bg2 O-O 6. O-O dxc4 7. Qc2 b5 8. a4 b4 9. Nfd2 Nd5 10. Nxc4 Ba6 11. Rd1 Qc8 12. e4 Nb6 13. Na5 c5 14. d5 exd5 15. exd5 Bd6 16. Nd2 Be2 17. Re1 Qa6 18. Be4 Re8 19. Bd3 Bxd3 20. Rxe8+ Bf8 21. Rxf8+ Kxf8 22. Qxc5+ Kg8 23. Ndb3 N8d7 24. Qd4 Re8 25. Be3 Be4 26. Nc6 Nxd5 27. Nxb4 Qb7 28. Rd1 N7f6 29. Nxd5 Bxd5 30. Nc5 Qc6 31. Nd3 Bh1 32. Ne1 h5 33. Qc5 Qxa4 34. Rd4 Qa1 35. Kxh1 Qxe1+ 36. Kg2 Ng4 37. Re4 Nxe3+ 38. Rxe3 Rxe3 39. fxe3 Qe2+ 40. Kg1 Qe1+ 1/2-1/2

[Event "GBR-ch 111th"]
[Site "Liverpool"]
[Date "2025.08.08"]
[Round "7.28"]
[White "Eames, Robert S"]
[Black "Jones, Steven A"]
[Result "0-1"]
[WhiteElo "2136"]
[BlackElo "2185"]
[PlyCount "84"]
[EventDate "2025.08.02"]
[EventType "swiss"]
[EventRounds "9"]
[EventCountry "GBR"]
[SourceTitle "BritBase"]
[Source "John Saunders"]
[SourceDate "2025.08.11"]
[SourceVersion "1"]
[SourceVersionDate "2025.08.11"]
[SourceQuality "1"]

1. e4 c5 2. Nf3 Nc6 3. d4 cxd4 4. Nxd4 Nf6 5. Nc3 e5 6. Ndb5 d6 7. Nd5 Nxd5 8. exd5 Nb8 9. Qf3 a6 10. Qa3 Be7 11. Bg5 f6 12. Bd2 O-O 13. Bb4 Qd7 14. O-O-O b6 15. Nxd6 a5 16. Bb5 Qg4 17. Nxc8 Bxb4 18. Qb3 Qxc8 19. d6+ Kh8 20. d7 Qd8 21. Qh3 f5 22. Qd3 Ra7 23. Qd5 Rf6 24. c3 Bd6 25. f4 e4 26. g4 Nxd7 27. g5 Bxf4+ 28. Kb1 Bxg5 29. Bxd7 Qf8 30. Rhf1 g6 31. Qe5 Bh6 32. h4 Bg7 33. Qb5 h5 34. Rd5 Rc7 35. Qe2 Rc5 36. Rd2 Rd6 37. Rfd1 Rxd2 38. Qxd2 Re5 39. a4 f4 40. Bb5 e3 41. Qg2 f3 42. Qxg6 e2 0-1

[Event "GBR-ch 111th"]
[Site "Liverpool"]
[Date "2025.08.08"]
[Round "7.29"]
[White "Webb, Laurence E"]
[Black "Verbytski, Oleg"]
[Result "1-0"]
[WhiteElo "2268"]
[BlackElo "2001"]
[PlyCount "115"]
[EventDate "2025.08.02"]
[EventType "swiss"]
[EventRounds "9"]
[EventCountry "GBR"]
[SourceTitle "BritBase"]
[Source "John Saunders"]
[SourceDate "2025.08.11"]
[SourceVersion "1"]
[SourceVersionDate "2025.08.11"]
[SourceQuality "1"]

1. d4 d5 2. c4 e6 3. Nc3 Nf6 4. cxd5 exd5 5. Nf3 c6 6. Qc2 g6 7. Bg5 Be7 8. e3 Bf5 9. Bd3 Bxd3 10. Qxd3 Nbd7 11. Bh6 Ng4 12. Bf4 O-O 13. h3 Ngf6 14. O-O Re8 15. Rab1 a5 16. Qc2 Nb6 17. b3 Nc8 18. Na4 Bd6 19. Bg5 Be7 20. Nc5 Nd6 21. Rbc1 Nfe4 22. Bxe7 Qxe7 23. Nxe4 Nxe4 24. Nd2 Nd6 25. Rfe1 Kg7 26. Nf3 f6 27. g3 g5 28. Kg2 h5 29. Rh1 Qd7 30. h4 g4 31. Ne1 Nf5 32. Kh2 Kh6 33. Nd3 Nd6 34. Nc5 Qg7 35. Rhe1 f5 36. Nd3 Qf6 37. Kg2 Ne4 38. Nf4 Re7 39. Rb1 Qd6 40. Qb2 Qd8 41. a3 a4 42. b4 Nd6 43. Qc1 Re4 44. Nd3 Kg7 45. Nf4 Kh6 46. Ne2 Kg7 47. Nc3 Re6 48. b5 Nc4 49. bxc6 bxc6 50. Ne2 Re7 51. Nf4 Qe8 52. Rb4 Raa7 53. Qc2 Kf6 54. Rxa4 Nxa3 55. Qb3 Nc4 56. Rxc4 Reb7 57. Rb4 Qe4+ 58. Kg1 1-0

[Event "GBR-ch 111th"]
[Site "Liverpool"]
[Date "2025.08.08"]
[Round "7.30"]
[White "Pert, Max P"]
[Black "Bradbury, Neil H"]
[Result "1/2-1/2"]
[WhiteElo "2263"]
[BlackElo "2137"]
[PlyCount "40"]
[EventDate "2025.08.02"]
[EventType "swiss"]
[EventRounds "9"]
[EventCountry "GBR"]
[SourceTitle "BritBase"]
[Source "John Saunders"]
[SourceDate "2025.08.11"]
[SourceVersion "1"]
[SourceVersionDate "2025.08.11"]
[SourceQuality "1"]

1. e4 c5 2. Nf3 e6 3. b3 Nc6 4. Bb2 d5 5. exd5 exd5 6. d4 cxd4 7. Nxd4 Bb4+ 8. c3 Qe7+ 9. Be2 Nxd4 10. cxb4 Nxe2 11. Qxe2 Qxe2+ 12. Kxe2 Ne7 13. Nc3 Be6 14. Nb5 Kd7 15. Nd4 f6 16. Rac1 Rhc8 17. f3 Nf5 18. Nxf5 Bxf5 19. Bd4 b6 20. Kd2 Kd6 1/2-1/2

[Event "GBR-ch 111th"]
[Site "Liverpool"]
[Date "2025.08.08"]
[Round "7.31"]
[White "Pereslavtsev, Alexandr"]
[Black "Rudd, Jack"]
[Result "0-1"]
[WhiteElo "2079"]
[BlackElo "2259"]
[PlyCount "66"]
[EventDate "2025.08.02"]
[EventType "swiss"]
[EventRounds "9"]
[EventCountry "GBR"]
[SourceTitle "BritBase"]
[Source "John Saunders"]
[SourceDate "2025.08.11"]
[SourceVersion "1"]
[SourceVersionDate "2025.08.11"]
[SourceQuality "1"]

1. d4 d6 2. c4 e5 3. Nf3 Nd7 4. Nc3 Ngf6 5. b3 g6 6. Bb2 Bg7 7. g3 O-O 8. Bg2 e4 9. Ng5 e3 10. f3 h6 11. Nh3 c6 12. O-O Re8 13. Nf4 Nf8 14. Ne4 Bf5 15. Nxf6+ Bxf6 16. g4 Bc8 17. Qd3 Bg7 18. Rab1 h5 19. h3 Qf6 20. Nxh5 gxh5 21. d5 Qg6 22. Qd1 Bxb2 23. Rxb2 Qf6 24. Rc2 Ng6 25. dxc6 bxc6 26. f4 hxg4 27. Bxc6 Bf5 28. hxg4 Bxc2 29. Qxc2 Qh4 30. Bxa8 Qg3+ 31. Kh1 Kg7 32. Qc3+ f6 33. g5 Rh8# 0-1

[Event "GBR-ch 111th"]
[Site "Liverpool"]
[Date "2025.08.08"]
[Round "7.32"]
[White "Yoon, Jacob D"]
[Black "Hryshchenko, Kamila"]
[Result "1-0"]
[WhiteElo "2203"]
[BlackElo "2097"]
[PlyCount "69"]
[EventDate "2025.08.02"]
[EventType "swiss"]
[EventRounds "9"]
[EventCountry "GBR"]
[SourceTitle "BritBase"]
[Source "John Saunders"]
[SourceDate "2025.08.11"]
[SourceVersion "1"]
[SourceVersionDate "2025.08.11"]
[SourceQuality "1"]

1. d4 g6 2. e4 Bg7 3. Nc3 d6 4. f4 e6 5. Nf3 Ne7 6. Bd3 a6 7. a4 Nd7 8. O-O O-O 9. Kh1 h6 10. Be3 f5 11. e5 b6 12. Bf2 d5 13. Ne2 c5 14. c3 Rf7 15. Rg1 Bb7 16. g4 Nf8 17. Qf1 Qc7 18. gxf5 exf5 19. h4 Ne6 20. h5 gxh5 21. Qh3 Bc6 22. Qxh5 Kf8 23. Rg2 Be8 24. Qh3 Bd7 25. Rag1 Ng8 26. Nh4 Qc8 27. Ng6+ Ke8 28. Qh5 Ne7 29. Nxe7 Kxe7 30. Bh4+ Kf8 31. Qxh6 Ke8 32. Rxg7 Nxg7 33. Qh8+ Rf8 34. Qxg7 Rf7 35. Qh8+ 1-0

[Event "GBR-ch 111th"]
[Site "Liverpool"]
[Date "2025.08.08"]
[Round "7.33"]
[White "Price, Gwilym T"]
[Black "Kueh, Audrey"]
[Result "0-1"]
[WhiteElo "2186"]
[BlackElo "2071"]
[PlyCount "62"]
[EventDate "2025.08.02"]
[EventType "swiss"]
[EventRounds "9"]
[EventCountry "GBR"]
[SourceTitle "BritBase"]
[Source "John Saunders"]
[SourceDate "2025.08.11"]
[SourceVersion "1"]
[SourceVersionDate "2025.08.11"]
[SourceQuality "1"]

1. e4 c6 2. d4 d5 3. e5 c5 4. dxc5 e6 5. a3 Bxc5 6. Qg4 Ne7 7. Nf3 Ng6 8. b4 Be7 9. Bb2 a5 10. b5 f5 11. Qg3 Nd7 12. Nbd2 Nc5 13. h4 O-O 14. h5 Nh8 15. Qf4 Nf7 16. a4 Ne4 17. Qe3 Nh6 18. Nxe4 fxe4 19. Nh2 Qc7 20. Qd2 Bb4 21. c3 Bc5 22. f4 e3 23. Qc2 Rxf4 24. Nf3 Nf7 25. Bd3 h6 26. O-O-O Nxe5 27. Bh7+ Kh8 28. Nh4 Rf2 29. Ng6+ Kxh7 30. Nf8+ Kg8 31. Qh7+ Kxf8 0-1

[Event "GBR-ch 111th"]
[Site "Liverpool"]
[Date "2025.08.08"]
[Round "7.34"]
[White "Kanyamarala, Trisha"]
[Black "Liu, Jack"]
[Result "0-1"]
[WhiteElo "2178"]
[BlackElo "2071"]
[PlyCount "112"]
[EventDate "2025.08.02"]
[EventType "swiss"]
[EventRounds "9"]
[EventCountry "GBR"]
[SourceTitle "BritBase"]
[Source "John Saunders"]
[SourceDate "2025.08.11"]
[SourceVersion "1"]
[SourceVersionDate "2025.08.11"]
[SourceQuality "1"]

1. d4 Nf6 2. c4 e6 3. Nc3 Bb4 4. Qc2 O-O 5. e4 d5 6. e5 Ne4 7. Bd3 c5 8. Nf3 cxd4 9. Nxd4 Nd7 10. Bf4 Qh4 11. g3 Qh5 12. O-O g5 13. cxd5 Bxc3 14. bxc3 exd5 15. f3 gxf4 16. fxe4 fxg3 17. Rf5 Qxh2+ 18. Qxh2 gxh2+ 19. Kxh2 Nc5 20. Rg5+ Kh8 21. Bc2 dxe4 22. Re1 Be6 23. Bxe4 Nxe4 24. Rxe4 Bxa2 25. Rh4 a5 26. Nf5 Bb1 27. Rgh5 Bxf5 28. Rxf5 a4 29. Rfh5 a3 30. Rxh7+ Kg8 31. Rh8+ Kg7 32. R8h7+ Kg6 33. R4h5 Rfd8 34. R7h6+ Kg7 35. Rh7+ Kf8 36. Rf5 Rd2+ 37. Kg3 Ke7 38. Rhxf7+ Ke6 39. R7f6+ Ke7 40. Rf7+ Ke6 41. R7f6+ Kd7 42. Rf7+ Kc6 43. R5f6+ Kb5 44. Rxb7+ Kc4 45. Rf1 a2 46. Ra1 Kxc3 47. e6 Rd6 48. e7 Rf6 49. Kg4 Rg8+ 50. Kh5 Rf2 51. Rh1 Rf7 52. e8=Q Rxe8 53. Rxf7 Rh8+ 54. Kg4 Rxh1 55. Rc7+ Kb4 56. Rb7+ Kc5 0-1

[Event "GBR-ch 111th"]
[Site "Liverpool"]
[Date "2025.08.08"]
[Round "7.35"]
[White "Ledger, Dave J"]
[Black "Patel, Zain"]
[Result "1-0"]
[WhiteElo "2161"]
[BlackElo "2048"]
[PlyCount "103"]
[EventDate "2025.08.02"]
[EventType "swiss"]
[EventRounds "9"]
[EventCountry "GBR"]
[SourceTitle "BritBase"]
[Source "John Saunders"]
[SourceDate "2025.08.11"]
[SourceVersion "1"]
[SourceVersionDate "2025.08.11"]
[SourceQuality "1"]

1. e4 e5 2. Nf3 Nf6 3. Nc3 Nc6 4. Bb5 Bc5 5. d3 O-O 6. Bg5 a6 7. Ba4 Be7 8. Bxc6 dxc6 9. Nxe5 Nxe4 10. Bxe7 Nxc3 11. Bxd8 Nxd1 12. Bxc7 Nxb2 13. Kd2 Na4 14. Rab1 f6 15. Nc4 b5 16. Nd6 Be6 17. Rbe1 Bxa2 18. Re7 Ra7 19. Rhe1 h6 20. g4 b4 21. Nf5 Bf7 22. Bd6 Raa8 23. Rb7 Rfe8 24. Rxe8+ Bxe8 25. Rxb4 c5 26. Rb7 Bf7 27. h4 Rd8 28. h5 c4 29. Be7 c3+ 30. Ke3 Re8 31. Kd4 Be6 32. Nd6 Ra8 33. f3 a5 34. Nb5 Rc8 35. Ra7 Bb3 36. Na3 Nb6 37. Bc5 Rd8+ 38. Kxc3 Na4+ 39. Kxb3 Nxc5+ 40. Kc4 Rc8 41. d4 Ne6+ 42. Kd3 Rd8 43. c3 Nf4+ 44. Ke4 Ne2 45. Nb5 Rb8 46. c4 Rc8 47. c5 Re8+ 48. Kd5 Rd8+ 49. Kc4 Nf4 50. c6 Rc8 51. d5 Kf8 52. Nd6 1-0

[Event "GBR-ch 111th"]
[Site "Liverpool"]
[Date "2025.08.08"]
[Round "7.36"]
[White "Yu, Rock"]
[Black "Brewer, Callum D"]
[Result "1-0"]
[WhiteElo "2107"]
[BlackElo "2152"]
[PlyCount "73"]
[EventDate "2025.08.02"]
[EventType "swiss"]
[EventRounds "9"]
[EventCountry "GBR"]
[SourceTitle "BritBase"]
[Source "John Saunders"]
[SourceDate "2025.08.11"]
[SourceVersion "1"]
[SourceVersionDate "2025.08.11"]
[SourceQuality "1"]

1. e4 c6 2. d3 d5 3. Nf3 g6 4. Nbd2 Bg7 5. g3 e5 6. Bg2 Ne7 7. O-O O-O 8. c3 f5 9. Re1 Qc7 10. b4 f4 11. d4 exd4 12. Nxd4 fxg3 13. hxg3 Bxd4 14. cxd4 Be6 15. b5 dxe4 16. Ba3 Bd5 17. Bxe4 Rf7 18. Bxd5 Nxd5 19. Re8+ Kg7 20. Qe1 Nf6 21. Bf8+ Rxf8 22. Re7+ Rf7 23. Rxc7 Rxc7 24. Nf3 cxb5 25. Qe5 Rd7 26. d5 Na6 27. d6 b6 28. Qxb5 Nc5 29. Rd1 Rad8 30. Qc6 Nfe4 31. Ne5 Rxd6 32. Rxd6 Rxd6 33. Qe8 Rf6 34. Qe7+ Kg8 35. f3 Re6 36. Qf7+ Kh8 37. Qf8# 1-0

[Event "GBR-ch 111th"]
[Site "Liverpool"]
[Date "2025.08.08"]
[Round "7.37"]
[White "Lebedev, Lion"]
[Black "Dishman, Stephen"]
[Result "0-1"]
[WhiteElo "2048"]
[BlackElo "2254"]
[PlyCount "106"]
[EventDate "2025.08.02"]
[EventType "swiss"]
[EventRounds "9"]
[EventCountry "GBR"]
[SourceTitle "BritBase"]
[Source "John Saunders"]
[SourceDate "2025.08.11"]
[SourceVersion "1"]
[SourceVersionDate "2025.08.11"]
[SourceQuality "1"]

1. e4 c5 2. Nf3 Nc6 3. d4 cxd4 4. Nxd4 g6 5. c4 Nf6 6. Nc3 d6 7. Be2 Nxd4 8. Qxd4 Bg7 9. Be3 O-O 10. Qd1 a5 11. O-O Bd7 12. f3 a4 13. Qd2 Qa5 14. Rac1 Be6 15. Nd5 Qxd2 16. Bxd2 Nxd5 17. cxd5 Bd4+ 18. Kh1 Bd7 19. Rc7 Rfd8 20. Bc3 Bxc3 21. Rxc3 Ra5 22. Rc7 b6 23. Rfc1 f5 24. Rb7 fxe4 25. fxe4 Rc5 26. Rxc5 bxc5 27. Kg1 Kf7 28. Kf2 Kf6 29. Ke3 g5 30. Bd1 Be8 31. a3 Ra8 32. e5+ dxe5 33. Rb6+ Kg7 34. Ke4 Bf7 35. Kxe5 Bxd5 36. Kxd5 Rd8+ 37. Kxc5 Rxd1 38. Kb4 Rd2 39. Kxa4 Rxg2 40. b4 Rxh2 41. Re6 g4 42. Re3 h5 43. Rb3 Rd2 44. b5 Kf6 45. b6 Rd8 46. Kb5 h4 47. Kc6 h3 48. Kc7 Rh8 49. b7 h2 50. Rb1 g3 51. Rh1 e5 52. a4 Rh7+ 53. Kc8 Rxb7 0-1

[Event "GBR-ch 111th"]
[Site "Liverpool"]
[Date "2025.08.08"]
[Round "7.38"]
[White "Jackson, Edward"]
[Black "Harborne, Matthew J"]
[Result "1-0"]
[WhiteElo "2194"]
[BlackElo "2048"]
[PlyCount "125"]
[EventDate "2025.08.02"]
[EventType "swiss"]
[EventRounds "9"]
[EventCountry "GBR"]
[SourceTitle "BritBase"]
[Source "John Saunders"]
[SourceDate "2025.08.11"]
[SourceVersion "1"]
[SourceVersionDate "2025.08.11"]
[SourceQuality "1"]

1. e4 c6 2. d4 d5 3. exd5 cxd5 4. Bd3 Nc6 5. c3 Nf6 6. Bf4 Bg4 7. Qb3 Qd7 8. Nd2 e6 9. Ngf3 Bxf3 10. Nxf3 Bd6 11. Bxd6 Qxd6 12. O-O Rb8 13. Rae1 Nd7 14. Qc2 h6 15. Qe2 O-O 16. Ne5 Ndxe5 17. dxe5 Qc5 18. Qg4 d4 19. Qe4 f5 20. exf6 Rxf6 21. cxd4 Nxd4 22. Rc1 Qb6 23. Rc4 Nf5 24. Qe5 Qd6 25. Qxd6 Nxd6 26. Ra4 a6 27. Rd1 Rc8 28. g3 e5 29. Rd2 Kf8 30. h4 Rc5 31. h5 Rd5 32. Rd1 Rf3 33. Be2 Rxd1+ 34. Bxd1 Rd3 35. Bb3 Rd2 36. Ra5 Nb5 37. a4 Nd4 38. Bd5 Rxb2 39. Be4 Ne2+ 40. Kg2 Nc3 41. Bg6 b5 42. axb5 axb5 43. Ra7 b4 44. Rf7+ Ke8 45. Rxg7+ Kd8 46. g4 e4 47. Kg3 Ne2+ 48. Kh4 Nf4 49. Bxe4 Rxf2 50. Kg3 Rf1 51. Bf3 Ne6 52. Rg6 Ng5 53. Bg2 Re1 54. Rxh6 Re6 55. Rh8+ Kc7 56. Kh4 Re5 57. Rg8 Nf7 58. Rg7 Re7 59. Bd5 Kd6 60. Rxf7 Re3 61. Rf3 Rxf3 62. Bxf3 b3 63. Bd1 1-0

[Event "GBR-ch 111th"]
[Site "Liverpool"]
[Date "2025.08.08"]
[Round "7.39"]
[White "Deepak Ambattu, Rithvik"]
[Black "Honey, Luke"]
[Result "1/2-1/2"]
[WhiteElo "1990"]
[BlackElo "2082"]
[PlyCount "66"]
[EventDate "2025.08.02"]
[EventType "swiss"]
[EventRounds "9"]
[EventCountry "GBR"]
[SourceTitle "BritBase"]
[Source "John Saunders"]
[SourceDate "2025.08.11"]
[SourceVersion "1"]
[SourceVersionDate "2025.08.11"]
[SourceQuality "1"]

1. e4 c6 2. d4 d5 3. exd5 cxd5 4. Bd3 Nc6 5. c3 Nf6 6. Bf4 Bg4 7. Qb3 Qd7 8. Nd2 e6 9. Ngf3 Bd6 10. Bxd6 Qxd6 11. O-O O-O 12. Rfe1 Qc7 13. h3 Bh5 14. Qc2 Rfc8 15. Rac1 Bg6 16. Bxg6 hxg6 17. Qd3 Rab8 18. Ne5 Nxe5 19. Rxe5 b5 20. Ree1 a5 21. g3 Ne8 22. Nb3 Nd6 23. Nc5 Qc6 24. Kg2 b4 25. cxb4 Rxb4 26. Nxe6 Qxc1 27. Rxc1 Rxc1 28. Qa6 fxe6 29. Qxd6 Rxd4 30. Qxe6+ Kh7 31. Qe3 Rcd1 32. Qg5 R1d2 33. g4 Rxb2 1/2-1/2

[Event "GBR-ch 111th"]
[Site "Liverpool"]
[Date "2025.08.08"]
[Round "7.40"]
[White "Strade, Arita"]
[Black "Dasgupta, Avyukt"]
[Result "0-1"]
[WhiteElo "1971"]
[BlackElo "2158"]
[PlyCount "94"]
[EventDate "2025.08.02"]
[EventType "swiss"]
[EventRounds "9"]
[EventCountry "GBR"]
[SourceTitle "BritBase"]
[Source "John Saunders"]
[SourceDate "2025.08.11"]
[SourceVersion "1"]
[SourceVersionDate "2025.08.11"]
[SourceQuality "1"]

1. e4 c5 2. c3 d5 3. exd5 Qxd5 4. Nf3 Nc6 5. Na3 Bg4 6. Be2 e5 7. d3 g6 8. Nc4 Be6 9. Ne3 Qd8 10. h4 h6 11. Qa4 Qd7 12. Bd2 Bg7 13. Qc2 Nge7 14. a4 b6 15. O-O O-O 16. Nh2 Rad8 17. Rfd1 f5 18. Be1 Qc7 19. Bf3 Na5 20. c4 Nac6 21. Bc3 a5 22. Qe2 Qd7 23. Nc2 Bf6 24. g3 Rde8 25. Bg2 Nd4 26. Bxd4 cxd4 27. b4 Nc6 28. b5 Nb8 29. Qd2 Kg7 30. Na3 Qd6 31. Rdc1 Nd7 32. Re1 Nc5 33. Qd1 Bg8 34. f3 e4 35. fxe4 Qxg3 36. Qf3 Qxf3 37. Nxf3 Nxd3 38. e5 Nxe5 39. Nxd4 Nxc4 40. Nac2 Bxh4 41. Rxe8 Rxe8 42. Rb1 Bf6 43. Kf2 Ne3 44. Bc6 Ng4+ 45. Kg3 Rd8 46. Nf3 Ne5 47. Nce1 g5 0-1

[Event "GBR-ch 111th"]
[Site "Liverpool"]
[Date "2025.08.08"]
[Round "7.41"]
[White "Shafi, Declan"]
[Black "Nevska, Gerda"]
[Result "1-0"]
[WhiteElo "2183"]
[BlackElo "1799"]
[PlyCount "65"]
[EventDate "2025.08.02"]
[EventType "swiss"]
[EventRounds "9"]
[EventCountry "GBR"]
[SourceTitle "BritBase"]
[Source "John Saunders"]
[SourceDate "2025.08.11"]
[SourceVersion "1"]
[SourceVersionDate "2025.08.11"]
[SourceQuality "1"]

1. Nf3 b6 2. g3 Bb7 3. Bg2 e5 4. d3 Nf6 5. O-O d6 6. c4 Be7 7. Nc3 O-O 8. e4 Nbd7 9. Bg5 h6 10. Bd2 Nh7 11. Nd5 Nc5 12. Qe2 Bc8 13. Nxe7+ Qxe7 14. Nh4 Rb8 15. b4 Ne6 16. Nf5 Qf6 17. Rac1 c5 18. Qh5 Nd4 19. Nxd4 exd4 20. f4 Qe7 21. f5 Nf6 22. Qh4 Re8 23. g4 b5 24. bxc5 dxc5 25. e5 Nh7 26. f6 Qd7 27. h3 Bb7 28. Bxb7 Rxb7 29. cxb5 Rxe5 30. fxg7 Re3 31. Bxe3 dxe3 32. Qxh6 Qxd3 33. Rfd1 1-0

[Event "GBR-ch 111th"]
[Site "Liverpool"]
[Date "2025.08.08"]
[Round "7.42"]
[White "Gunarathne, Senith"]
[Black "Bharat Kumar, Balahari"]
[Result "1-0"]
[WhiteElo "1918"]
[BlackElo "2052"]
[PlyCount "79"]
[EventDate "2025.08.02"]
[EventType "swiss"]
[EventRounds "9"]
[EventCountry "GBR"]
[SourceTitle "BritBase"]
[Source "John Saunders"]
[SourceDate "2025.08.11"]
[SourceVersion "1"]
[SourceVersionDate "2025.08.11"]
[SourceQuality "1"]

1. e4 d5 2. exd5 Qxd5 3. d4 Nc6 4. Be3 Nf6 5. c4 Qd8 6. h3 e6 7. Nf3 Be7 8. Nc3 O-O 9. Bd3 b6 10. O-O Bb7 11. a3 a5 12. Qe2 h6 13. Rfd1 Re8 14. Rac1 Bf8 15. d5 exd5 16. cxd5 Nb8 17. Nb5 Na6 18. Nbd4 Nxd5 19. Bb5 Nc5 20. Bxe8 Qxe8 21. Nb5 Qc8 22. Nc3 Ba6 23. Qc2 Nxe3 24. fxe3 Qe6 25. Kh1 Bc4 26. Rd4 Nb3 27. Re4 Qc6 28. Ne5 Qf6 29. Nxc4 Nxc1 30. Qxc1 b5 31. Nxb5 Qc6 32. Re5 f6 33. Nd4 Qd7 34. Rxa5 Re8 35. b4 c5 36. bxc5 Qd5 37. c6 Qe4 38. c7 Be7 39. Nb6 Bd6 40. c8=Q 1-0